Loading...
| Fine Arts - Classical Music | 0 | 6 | 0 | 0 | 60 | 72 | 105.83 | 0 | 0 | 0.00 | 0.00 |
| Literature - European | 0 | 6 | 1 | 0 | 55 | 91 | 112.67 | 0 | 2 | 0.00 | 0.00 |
| Mythology | 0 | 5 | 0 | 2 | 50 | 62 | 85.80 | 1 | 1 | 0.00 | 0.00 |
| History - Other | 0 | 5 | 1 | 1 | 45 | 71 | 89.40 | 0 | 1 | 0.00 | 0.00 |
| Fine Arts - Other | 0 | 4 | 0 | 0 | 40 | 85 | 106.25 | 0 | 1 | 0.00 | 0.00 |
| Religion | 0 | 4 | 0 | 0 | 40 | 87 | 98.75 | 0 | 1 | 0.00 | 0.00 |
| Social Science | 0 | 4 | 2 | 1 | 30 | 57 | 89.75 | 1 | 1 | 0.00 | 0.00 |
| Fine Arts - Visual | 0 | 3 | 0 | 1 | 30 | 75 | 98.00 | 0 | 0 | 0.00 | 0.00 |
| Literature - American | 0 | 3 | 0 | 0 | 30 | 100 | 121.00 | 0 | 0 | 0.00 | 0.00 |
| Literature - British | 0 | 3 | 0 | 0 | 30 | 78 | 83.00 | 0 | 1 | 0.00 | 0.00 |
| Philosophy | 0 | 2 | 0 | 0 | 20 | 95 | 98.50 | 0 | 0 | 0.00 | 0.00 |
| History - American | 0 | 2 | 1 | 0 | 15 | 124 | 126.50 | 0 | 0 | 0.00 | 0.00 |
| Science - Other | 0 | 1 | 0 | 0 | 10 | 102 | 102.00 | 0 | 0 | 0.00 | 0.00 |
| Literature - World/Other | 0 | 1 | 1 | 0 | 5 | 138 | 138.00 | 0 | 0 | 0.00 | 0.00 |
| History - European | 0 | 1 | 1 | 1 | 5 | 132 | 132.00 | 0 | 0 | 0.00 | 0.00 |
| History - World | 0 | 1 | 1 | 0 | 5 | 74 | 74.00 | 0 | 0 | 0.00 | 0.00 |
| Geography/Current Events | 0 | 1 | 1 | 0 | 5 | 87 | 87.00 | 0 | 0 | 0.00 | 0.00 |